[Event "Aktiv-Alliancen 2000"]
[Site "Taastrup"]
[Date "2000.02.12"]
[Round "9"]
[White "Nolsoe, Eydun"]
[Black "Christensen, Bo Garner"]
[Result "1/2-1/2"]
[WhiteElo "2184"]
[BlackElo "2204"]
[PlyCount "130"]
[EventDate "2000.??.??"]


1. e4 c5 2. Nf3 d6 3. d4 cxd4 4. Nxd4 Nf6 5. Nc3 a6 6. Bg5 e6 7. f4 Be7 8. Qf3
Qc7 9. O-O-O Nbd7 10. g4 h6 11. Bxf6 Nxf6 12. Bd3 g6 13. Rhg1 b5 14. h4 Bb7 15.
g5 hxg5 16. hxg5 Nd7 17. Kb1 O-O-O 18. Rh1 Nc5 19. Rxh8 Rxh8 20. Rh1 Qd8 21. a3
Rxh1+ 22. Qxh1 e5 23. Qh3+ Kb8 24. Nf3 exf4 25. Qh7 Qe8 26. Qh4 Ne6 27. Nd5 Qd8
28. Qh7 Qf8 29. Qh4 Bxd5 30. exd5 Nc5 31. Qxf4 Nxd3 32. cxd3 f6 33. Qe3 Bd8 34.
Nd4 Kb7 35. Nc6 Bb6 36. Qe6 fxg5 37. Qxg6 Qf1+ 38. Ka2 Bc7 39. Nd4 Qg2 40. Qf5
g4 41. Nc6 Qf3 42. Ne7 Qxf5 43. Nxf5 Kc8 44. Kb3 Kd7 45. Kc3 Bd8 46. Kd2 Bg5+
47. Ne3 g3 48. Ke2 g2 49. Nxg2 Bc1 50. b3 Bxa3 51. Ne1 a5 52. Nc2 Bb2 53. Kd2
Kc7 54. d4 Kb6 55. Kd3 Bc1 56. Na1 Kc7 57. Kc2 Be3 58. Kd3 Bf2 59. Nc2 Kb6 60.
Na3 Bg3 61. Nb1 b4 62. Nd2 Kb5 63. Nc4 a4 64. bxa4+ Kxa4 65. Kc2 Bf4 1/2-1/2

[Event "Aktiv-Alliancen 2000"]
[Site "Taastrup"]
[Date "2000.02.12"]
[Round "9"]
[White "Bjorntoft, Peter"]
[Black "Jensen, Soren G"]
[Result "1/2-1/2"]
[WhiteElo "2227"]
[BlackElo "2161"]
[PlyCount "111"]
[EventDate "2000.??.??"]


1. d4 d5 2. c4 e6 3. Nc3 Be7 4. Nf3 Nf6 5. Bg5 O-O 6. cxd5 exd5 7. e3 Nbd7 8.
Bd3 c6 9. Qc2 Re8 10. O-O h6 11. Bh4 Ne4 12. Bxe7 Qxe7 13. Bxe4 dxe4 14. Nd2 f5
15. Rac1 Nb6 16. Na4 Nxa4 17. Qxa4 Be6 18. a3 Kh8 19. Rc5 Bd5 20. Nb1 Qf7 21.
Rfc1 a6 22. Qd1 Rad8 23. b4 Rd6 24. Qd2 Ba2 25. a4 Bxb1 26. Rxb1 Rd5 27. Qc2
Red8 28. h3 Qe7 29. Rc1 Rxc5 30. bxc5 Qf7 31. Rb1 Kg8 32. Kf1 Kf8 33. Ke1 Rd7
34. Qb3 Qxb3 35. Rxb3 Ke8 36. f3 exf3 37. gxf3 f4 38. Kd2 fxe3+ 39. Rxe3+ Kf7
40. Kd3 Kf6 41. a5 Kf5 42. Re4 Kg5 43. Ke3 Kf5 44. Re5+ Kf6 45. Ke4 Rd8 46. f4
Rd7 47. h4 g6 48. f5 gxf5+ 49. Rxf5+ Kg6 50. h5+ Kg7 51. d5 cxd5+ 52. Rxd5 Re7+
53. Kf5 Kf7 54. c6 bxc6 55. Rd6 Rb7 56. Rxc6 1/2-1/2

[Event "Aktiv-Alliancen 2000"]
[Site "Taastrup"]
[Date "2000.02.12"]
[Round "9"]
[White "Danielsen, Heini"]
[Black "Nielsen, Borge Hjerrild"]
[Result "0-1"]
[WhiteElo "2135"]
[BlackElo "2135"]
[PlyCount "82"]
[EventDate "2000.??.??"]


1. e4 c6 2. d4 d5 3. Nd2 dxe4 4. Nxe4 Nd7 5. Nf3 Ngf6 6. Ng3 e6 7. Bd3 c5 8.
O-O cxd4 9. Nxd4 Bc5 10. Be3 O-O 11. Nh5 Qb6 12. c3 Qxb2 13. Rb1 Qxa2 14. Nxf6+
Nxf6 15. Nf5 Qd5 16. c4 Qc6 17. Rb5 exf5 18. Rxc5 Qd6 19. Bxf5 Qxd1 20. Rxd1 b6
21. Re5 Bxf5 22. Rxf5 Rfd8 23. Ra1 Ng4 24. Bf4 Rd4 25. Bc7 Rc8 26. c5 g6 27.
Rf4 Rxf4 28. Bxf4 bxc5 29. f3 Nf6 30. Rxa7 Nd5 31. Be5 f6 32. Rd7 Nb6 33. Rb7
fxe5 34. Rxb6 c4 35. Rb2 Kf7 36. Kf2 Ke6 37. Ke3 Kd5 38. Rb5+ Rc5 39. Rb8 c3
40. Rb1 Kc4 41. Ke2 c2 0-1

[Event "Aktiv-Alliancen 2000"]
[Site "Taastrup"]
[Date "2000.02.12"]
[Round "9"]
[White "Kaaber Hansen, Jacob"]
[Black "Jorgensen, Brian"]
[Result "0-1"]
[WhiteElo "1703"]
[BlackElo "2198"]
[PlyCount "72"]
[EventDate "2000.??.??"]


1. e4 c5 2. Nf3 Nc6 3. d4 cxd4 4. Nxd4 g6 5. Be3 Bg7 6. Nc3 Nf6 7. Be2 O-O 8.
O-O d5 9. exd5 Nb4 10. Qd2 Nbxd5 11. Nxd5 Nxd5 12. Bh6 Bxh6 13. Qxh6 Qb6 14.
Nb3 Qf6 15. Qd2 Nf4 16. Bf3 Be6 17. c3 Rad8 18. Qc2 Nh3+ 19. Kh1 Bc4 20. Rfd1
Bd3 21. Qc1 Be4 22. Qe3 Bxf3 23. gxf3 Ng5 24. Rg1 Qxf3+ 25. Qxf3 Nxf3 26. Rg3
Nd2 27. Re3 e6 28. Nd4 Nc4 29. Re2 e5 30. Nf3 f6 31. b3 Na5 32. Nh4 Rd3 33. Rc1
Rfd8 34. Kg2 Nc6 35. Rcc2 Ne7 36. f4 Nd5 0-1

[Event "Aktiv-Alliancen 2000"]
[Site "Taastrup"]
[Date "2000.02.12"]
[Round "9"]
[White "Petersen, Steen Brustrup"]
[Black "Christiansen, Erling Molbaek"]
[Result "1-0"]
[WhiteElo "2174"]
[BlackElo "1805"]
[PlyCount "77"]
[EventDate "2000.??.??"]


1. e4 e5 2. Nf3 Nc6 3. Bc4 Bc5 4. c3 Qe7 5. O-O d6 6. d3 h6 7. a4 a6 8. Nbd2
Nf6 9. Bb3 O-O 10. Bc2 Bg4 11. Nc4 d5 12. exd5 Nxd5 13. h3 Bh5 14. Re1 b5 15.
Ne3 Bxe3 16. Bxe3 Rad8 17. axb5 axb5 18. Ra6 Nb8 19. Ra5 e4 20. Bc1 f5 21. dxe4
Nxc3 22. Bb3+ Kh8 23. Qc2 Nxe4 24. Rxb5 Qd7 25. Rd5 Qc8 26. Rxd8 Rxd8 27. Ne5
Re8 28. Nd3 Bg6 29. Bf4 Nd6 30. Rxe8+ Nxe8 31. Qc4 Bh7 32. Qb4 Nd6 33. Bxd6
cxd6 34. Qxd6 Bg8 35. Bxg8 Kxg8 36. Nc5 Kf7 37. b4 Qe8 38. Qc7+ Kf6 39. Qxb8
1-0

[Event "Aktiv-Alliancen 2000"]
[Site "Taastrup"]
[Date "2000.02.12"]
[Round "9"]
[White "Nohr, Finn"]
[Black "Dalso, Harry"]
[Result "1-0"]
[WhiteElo "2116"]
[BlackElo "1718"]
[PlyCount "63"]
[EventDate "2000.??.??"]


1. e4 d6 2. d4 Nf6 3. Nc3 g6 4. Be3 c6 5. Qd2 e5 6. dxe5 dxe5 7. Qxd8+ Kxd8 8.
Nf3 Nfd7 9. Ng5 Ke7 10. Bc4 h6 11. Nf3 Kf6 12. O-O-O Nb6 13. Bb3 N8d7 14. h3
Nc5 15. Nh2 Nxb3+ 16. axb3 Be6 17. Ng4+ Bxg4 18. hxg4 g5 19. Ne2 Re8 20. Ng3
Nc8 21. Nf5 b6 22. Rd7 Kg6 23. Ng3 Re6 24. Rd8 Nd6 25. Rd1 Kf6 26. Ra8 c5 27.
Rxa7 Nb5 28. Ra8 Bg7 29. Rxh8 Bxh8 30. Rd8 Bg7 31. Rg8 Nd6 32. Nh5+ 1-0

[Event "Aktiv-Alliancen 2000"]
[Site "Taastrup"]
[Date "2000.02.12"]
[Round "9"]
[White "Orio, Lars"]
[Black "Pallesen, Jacob"]
[Result "0-1"]
[WhiteElo "1784"]
[BlackElo "2075"]
[PlyCount "128"]
[EventDate "2000.??.??"]


1. d4 f5 2. g3 Nf6 3. Bg2 g6 4. c4 Bg7 5. Nc3 O-O 6. Nh3 d6 7. O-O Na6 8. Bf4
c5 9. d5 Bd7 10. Ng5 Nc7 11. Qd2 Rb8 12. h4 b5 13. e4 fxe4 14. b3 Nh5 15. Be3
b4 16. Ncxe4 Bxa1 17. Rxa1 Nf6 18. f3 Qc8 19. Kh2 Nce8 20. Re1 Ng7 21. g4 a5
22. Nh3 Nxe4 23. fxe4 Bxg4 24. Bh6 Rf6 25. e5 dxe5 26. Rxe5 Qc7 27. Bf4 Rbf8
28. Bg3 Qd7 29. Qe3 Nf5 30. Qxc5 Qd6 31. Qxd6 exd6 32. Re1 Nxg3 33. Kxg3 Bf3
34. a3 Bxg2 35. Kxg2 Rf3 36. axb4 axb4 37. Re6 Rxb3 38. Rxd6 Rc8 39. Ng5 Rc3
40. c5 R3xc5 41. Rb6 Rxd5 42. Rxb4 Rd3 43. Nf3 Rc2+ 44. Kg3 Rc8 45. Kg2 Rc2+
46. Kg3 Rcc3 47. Rf4 Rd7 48. h5 g5 49. Rf5 Rf7 50. Rxf7 Kxf7 51. Kg4 h6 52. Nd2
Ke6 53. Ne4 Ra3 54. Nc5+ Kd5 55. Nd7 Ra4+ 56. Kf5 Rf4+ 57. Kg6 g4 58. Kxh6 g3
59. Kg5 Rf7 60. Nf6+ Ke6 61. Ne4 g2 62. Kg6 g1=Q+ 63. Ng5+ Ke7 64. h6 Qb6+ 0-1

[Event "Aktiv-Alliancen 2000"]
[Site "Taastrup"]
[Date "2000.02.12"]
[Round "9"]
[White "Thogersen, Kim"]
[Black "Simonsen, Per Barndorff"]
[Result "1/2-1/2"]
[WhiteElo "1636"]
[BlackElo "1901"]
[PlyCount "129"]
[EventDate "2000.??.??"]


1. d4 Nf6 2. c4 e6 3. Nc3 c5 4. d5 exd5 5. cxd5 d6 6. e4 g6 7. Nf3 Bg7 8. Be2
O-O 9. O-O a6 10. a4 b6 11. Bg5 h6 12. Bh4 g5 13. Bg3 Nh5 14. Nd2 Nxg3 15. hxg3
Nd7 16. Nc4 Ne5 17. Ne3 f5 18. exf5 Bxf5 19. Nxf5 Rxf5 20. Qc2 Qf8 21. Ne4 Rf7
22. Ra3 Rb7 23. Qd2 g4 24. Rc1 Rf7 25. Rf1 Raa7 26. Rb3 Qd8 27. Rc1 h5 28. Qg5
Qxg5 29. Nxg5 Rf5 30. Ne4 Nd7 31. Nxd6 Re5 32. Bf1 Bf8 33. Nc8 Rb7 34. Bxa6 Rb8
35. d6 Kf7 36. Rd1 c4 37. Rc3 Rc5 38. Ne7 Ne5 39. Nf5 Kf6 40. Ne3 Nd3 41. Nxc4
Nxb2 42. Nxb2 Rxc3 43. d7 Rd8 44. Bb5 Bc5 45. Nd3 Rc2 46. Nxc5 bxc5 47. Re1 Rd2
48. Rc1 Rd5 49. Bc6 Re5 50. a5 c4 51. a6 Rc5 52. Ba4 c3 53. a7 Ra5 54. Bc6 Rxa7
55. Rxc3 Rc7 56. Rc4 Rdxd7 57. Rf4+ Ke6 58. Bxd7+ Rxd7 59. Kf1 Rd2 60. Re4+ Kf5
61. Re3 Ra2 62. Ke1 Rb2 63. Re2 Rb1+ 64. Kd2 Rb2+ 65. Kd3 1/2-1/2

[Event "Aktiv-Alliancen 2000"]
[Site "Taastrup"]
[Date "2000.02.12"]
[Round "9"]
[White "Nielsen, Michael"]
[Black "Nielsen, Jan Mose"]
[Result "0-1"]
[WhiteElo "1719"]
[BlackElo "2040"]
[PlyCount "68"]
[EventDate "2000.??.??"]


1. e4 c5 2. Nf3 Nc6 3. d4 cxd4 4. Nxd4 e5 5. Nb5 a6 6. Nd6+ Bxd6 7. Qxd6 Qf6 8.
Qd1 Qg6 9. Nc3 Nge7 10. Be3 O-O 11. Qd2 b5 12. O-O-O f5 13. exf5 Qxf5 14. g4
Qxg4 15. Be2 Qe6 16. Rhg1 b4 17. Nd5 Qxd5 18. Qxd5+ Nxd5 19. Rxd5 Rf6 20. Bc4
Kh8 21. Bc5 g6 22. h4 Rf4 23. Bb3 Rxh4 24. Be3 Nd4 25. Bg5 Nxb3+ 26. axb3 Re4
27. f3 Re2 28. Kd1 Bb7 29. Rxd7 Bxf3 30. Bf6+ Kg8 31. Rg3 e4 32. Be5 Rc8 33.
Rg7+ Kf8 34. Rxh7 Rd8+ 0-1

[Event "Aktiv-Alliancen 2000"]
[Site "Taastrup"]
[Date "2000.02.12"]
[Round "9"]
[White "Foslund, Peter"]
[Black "Pedersen, Bent O"]
[Result "1-0"]
[WhiteElo "1576"]
[BlackElo "1751"]
[PlyCount "92"]
[EventDate "2000.??.??"]


1. c4 f5 2. d4 Nf6 3. Nc3 e6 4. Nf3 d5 5. e3 c6 6. g3 Bd6 7. Bg2 Nbd7 8. c5 Bc7
9. b4 O-O 10. a4 Ne4 11. Bb2 Ndf6 12. Nd2 Nxd2 13. Qxd2 e5 14. f4 exd4 15. Qxd4
Qe7 16. Kf2 b6 17. Bf3 bxc5 18. Qxc5 Qxc5 19. bxc5 Rb8 20. Nd1 Ba6 21. Bd4 Rb3
22. h3 Bd3 23. g4 Ne4+ 24. Bxe4 Bxe4 25. Rg1 g6 26. Nc3 Bd3 27. Ne2 Bd8 28. g5
Ba5 29. Nc1 Rfb8 30. Nxb3 Rxb3 31. Rgc1 Kf7 32. Ra2 Bb4 33. Rb2 Rxb2+ 34. Bxb2
Bc4 35. Bd4 Ke6 36. h4 a5 37. h5 Bb3 38. hxg6 hxg6 39. Rh1 Bxa4 40. Rh6 Kf7 41.
Rh7+ Kf8 42. Rg7 Bxc5 43. Rxg6 Be7 44. Rh6 c5 45. Ba1 Be8 46. g6 Kg8 1-0

[Event "Aktiv-Alliancen 2000"]
[Site "Taastrup"]
[Date "2000.02.12"]
[Round "9"]
[White "Auchenberg, Per"]
[Black "Moller, Arne Vagn"]
[Result "1-0"]
[WhiteElo "2017"]
[BlackElo "1805"]
[PlyCount "71"]
[EventDate "2000.??.??"]


1. f4 d5 2. b3 c5 3. e3 Nc6 4. Bb2 Nf6 5. Bb5 Qb6 6. a4 a6 7. a5 Qd8 8. Bxc6+
bxc6 9. Nf3 e6 10. Ne5 Bb7 11. O-O g6 12. Nc3 Bg7 13. Na4 Qxa5 14. Nd3 O-O 15.
Naxc5 Qc7 16. Be5 Qe7 17. Ra4 Rfd8 18. Qa1 Ne8 19. Rb4 Ra7 20. Qa5 Bxe5 21.
fxe5 Ng7 22. Rxb7 Rxb7 23. Nxb7 Rb8 24. Nbc5 Rb5 25. Qc3 Qa7 26. Ra1 a5 27. b4
Nf5 28. Rxa5 Rxa5 29. bxa5 Qb8 30. Qb4 Qd8 31. a6 d4 32. a7 dxe3 33. Qb8 exd2
34. Qxd8+ Kg7 35. Qf6+ Kh6 36. Nf2 1-0

[Event "Aktiv-Alliancen 2000"]
[Site "Taastrup"]
[Date "2000.02.12"]
[Round "9"]
[White "Korolev, Nikolaj"]
[Black "Tolstrup, Thomas"]
[Result "0-1"]
[WhiteElo "1600"]
[BlackElo "1882"]
[PlyCount "110"]
[EventDate "2000.??.??"]


1. e4 c5 2. Nf3 Nc6 3. d4 cxd4 4. Nxd4 g6 5. c4 Bg7 6. Be3 d6 7. Nc3 Nf6 8. Be2
O-O 9. O-O Bd7 10. h3 Nxd4 11. Bxd4 Bc6 12. Bd3 a5 13. Nd5 Nd7 14. Bxg7 Kxg7
15. f4 e6 16. Nc3 Qb6+ 17. Rf2 Nc5 18. Kf1 Rad8 19. Qe2 Rfe8 20. Rd1 Qc7 21.
Qg4 h5 22. Qg5 f6 23. Qg3 Qf7 24. e5 f5 25. Be2 dxe5 26. fxe5 Kh7 27. Qg5 Rxd1+
28. Bxd1 Qg7 29. g4 Nd3 30. Rd2 Nxe5 31. gxh5 Nxc4 32. hxg6+ Qxg6 33. Qh4+ Qh6
34. Rd4 Ne3+ 35. Ke2 Nxd1 36. Nxd1 Qxh4 37. Rxh4+ Kg6 38. Nc3 Kg5 39. Rc4 Rh8
40. h4+ Rxh4 41. Rxh4 Kxh4 42. Ke3 Kg4 43. Ne2 e5 44. a3 f4+ 45. Kf2 e4 46. Nd4
e3+ 47. Ke2 Be4 48. b3 Kg3 49. b4 axb4 50. axb4 Kg2 51. Ne6 Bf3+ 52. Ke1 Kg3
53. Nd4 Bg4 54. b5 f3 55. b6 f2+ 0-1

[Event "Aktiv-Alliancen 2000"]
[Site "Taastrup"]
[Date "2000.02.12"]
[Round "9"]
[White "Hansen, Rasmus Agertoft"]
[Black "Andersen, Nick Brix"]
[Result "1-0"]
[WhiteElo "1936"]
[BlackElo "1450"]
[PlyCount "67"]
[EventDate "2000.??.??"]


1. Nf3 Nf6 2. c4 d6 3. d4 Bg4 4. Qb3 Bxf3 5. exf3 Qc8 6. Be3 Nbd7 7. Bd3 g6 8.
g4 e5 9. h4 exd4 10. Bxd4 c5 11. Bc3 Ne5 12. Bxe5 dxe5 13. g5 Nd7 14. Be4 Rb8
15. Nc3 a6 16. a4 f5 17. Bd5 Bg7 18. Rd1 Ke7 19. Qc2 h6 20. Qd2 Nb6 21. a5 Nxd5
22. Nxd5+ Kf7 23. Nb6 Qd8 24. Qe3 Qe8 25. Rd7+ Kg8 26. gxh6 Rxh6 27. Qxc5 Qf8
28. Qc7 Bf6 29. Nd5 Bd8 30. Qxe5 Bxa5+ 31. Kf1 Re8 32. Nf6+ Kh8 33. Nxe8+ Kg8
34. Rg7+ 1-0

[Event "Aktiv-Alliancen 2000"]
[Site "Taastrup"]
[Date "2000.02.12"]
[Round "9"]
[White "Dencker, Martin"]
[Black "Madhy, Nezar"]
[Result "1-0"]
[WhiteElo "1355"]
[BlackElo "1666"]
[PlyCount "99"]
[EventDate "2000.??.??"]


1. e4 c5 2. Nf3 d6 3. d4 cxd4 4. Nxd4 Nf6 5. Nc3 a6 6. Be3 e5 7. Nb3 Be6 8. Qd3
Nc6 9. a3 b5 10. Na2 Bc4 11. Qd1 Bxf1 12. Rxf1 Nxe4 13. Qd5 Rc8 14. Qxe4 d5 15.
Qg4 d4 16. Bd2 h5 17. Qe4 g6 18. O-O-O f5 19. Qe2 d3 20. Qf3 e4 21. Qg3 Kf7 22.
Bc3 Bg7 23. cxd3 h4 24. Qh3 Qd5 25. Kc2 Nd4+ 26. Nxd4 Bxd4 27. dxe4 Qxe4+ 28.
Qd3 Bxc3 29. Nxc3 Qxg2 30. Qd7+ Kf6 31. Qd6+ Kg7 32. Qe7+ Kg8 33. Rd7 Qe4+ 34.
Qxe4 fxe4 35. Rfd1 Rh5 36. Rd8+ Rxd8 37. Rxd8+ Kf7 38. Rd5 Rxd5 39. Nxd5 g5 40.
Kd2 Ke6 41. Nc3 Kf5 42. Ke3 a5 43. Nxe4 b4 44. axb4 axb4 45. b3 Kg4 46. f3+ Kh3
47. Nxg5+ Kxh2 48. f4 Kg3 49. f5 Kg4 50. f6 1-0

[Event "Aktiv-Alliancen 2000"]
[Site "Taastrup"]
[Date "2000.02.12"]
[Round "9"]
[White "Christensen, Aage"]
[Black "Theander, Stig"]
[Result "0-1"]
[WhiteElo "1506"]
[BlackElo "1546"]
[PlyCount "52"]
[EventDate "2000.??.??"]


1. e4 Nf6 2. e5 Nd5 3. c4 Nb6 4. d4 d6 5. f4 dxe5 6. fxe5 Nc6 7. Be3 Bf5 8. a3
Qd7 9. Nf3 e6 10. Nc3 Rd8 11. h3 Be7 12. Be2 O-O 13. O-O f6 14. d5 Nxe5 15. Nh4
Nexc4 16. Bf2 Ne5 17. Nxf5 exf5 18. Rc1 Bd6 19. Qb3 Qf7 20. Rfd1 f4 21. Nb5 a6
22. Nd4 Nxd5 23. Qxb7 Rb8 24. Qxa6 Ra8 25. Bg4 Nxg4 26. Qe2 Nxf2 0-1

[Event "Aktiv-Alliancen 2000"]
[Site "Taastrup"]
[Date "2000.02.12"]
[Round "9"]
[White "Christoffersen, Eskild"]
[Black "Foslund, Kasper"]
[Result "1/2-1/2"]
[WhiteElo "1508"]
[BlackElo "1178"]
[PlyCount "86"]
[EventDate "2000.??.??"]


1. e4 c5 2. Nf3 Nc6 3. d4 cxd4 4. Nxd4 Nf6 5. Nc3 e5 6. Nf3 Bc5 7. Bc4 Qb6 8.
O-O Bxf2+ 9. Rxf2 Ng4 10. Qe2 Qxf2+ 11. Qxf2 Nxf2 12. Kxf2 h6 13. Be3 b6 14.
Rd1 f6 15. Nh4 Ne7 16. Nb5 Kf8 17. Nd6 g5 18. Nhf5 Nxf5 19. exf5 Rh7 20. b3 Rb8
21. Bc1 Ke7 22. Ba3 Kd8 23. Ne4 b5 24. Bd6 Rb6 25. Bd5 Rg7 26. Bb4 Ra6 27. a3
Kc7 28. Nc5 Rd6 29. Ne4 Ra6 30. Nc3 Bb7 31. Nxb5+ Kb6 32. Bc4 d5 33. Be2 Kc6
34. c4 d4 35. Bf3+ Kb6 36. a4 Bxf3 37. Kxf3 Kc6 38. Ke4 Rd7 39. g4 Rb6 40. a5
Rb8 41. a6 Rb6 42. Ra1 d3 43. Bd2 Rb8 1/2-1/2

[Event "Aktiv-Alliancen 2000"]
[Site "Taastrup"]
[Date "2000.02.12"]
[Round "9"]
[White "Madsen, Ole Bang"]
[Black "Helleberg, Jorgen"]
[Result "1-0"]
[WhiteElo "1404"]
[BlackElo "1270"]
[PlyCount "57"]
[EventDate "2000.??.??"]


1. e4 c6 2. d4 d5 3. Nc3 dxe4 4. Nxe4 Bf5 5. Ng3 Bg6 6. Nf3 Nd7 7. Nh4 Qc7 8.
Nxg6 hxg6 9. c3 e6 10. Qf3 Nh6 11. Bd3 Be7 12. Ne4 Nf5 13. Bf4 Nd6 14. O-O
O-O-O 15. c4 f5 16. Nc5 Nf8 17. Rfe1 g5 18. Be5 g4 19. Qe3 Rh7 20. Bg3 g5 21.
Nxe6 Nxe6 22. Qxe6+ Qd7 23. Qxd7+ Kxd7 24. Bxd6 Bxd6 25. Bxf5+ Kc7 26. Bxh7 Rh8
27. c5 Bxh2+ 28. Kxh2 Rxh7+ 29. Kg1 1-0

[Event "Aktiv-Alliancen 2000"]
[Site "Taastrup"]
[Date "2000.02.12"]
[Round "9"]
[White "Engel, Christian"]
[Black "Schmidt, Horst Hubert"]
[Result "0-1"]
[WhiteElo "1445"]
[BlackElo "1718"]
[PlyCount "72"]
[EventDate "2000.??.??"]


1. e4 d6 2. d4 Nf6 3. Nc3 e6 4. Bg5 Be7 5. e5 Nfd7 6. Bxe7 Qxe7 7. Nf3 O-O 8.
Bd3 c5 9. exd6 Qxd6 10. dxc5 Qxc5 11. O-O Nc6 12. Ne4 Qe7 13. Re1 Rd8 14. Re3
Nf8 15. Ng3 Bd7 16. c3 Rac8 17. b4 Qf6 18. Ne4 Qh6 19. Qb3 a6 20. Rae1 Ne7 21.
Nd4 e5 22. Nf3 Be6 23. Qb1 Nd5 24. R3e2 Nxc3 25. Nxc3 Rxc3 26. Bf5 f6 27. Bxe6+
Nxe6 28. Qf5 Rc6 29. Re4 Nf4 30. Kf1 g6 31. Qg4 f5 32. Qg3 fxe4 33. Nxe5 Rf6
34. Ng4 Qg7 35. Nxf6+ Qxf6 36. Qb3+ Qf7 0-1

[Event "Aktiv-Alliancen 2000"]
[Site "Taastrup"]
[Date "2000.02.12"]
[Round "9"]
[White "Lauritsen, Martin Lee"]
[Black "Jensen, Dan Bronnum"]
[Result "0-1"]
[WhiteElo "1100"]
[BlackElo "1487"]
[PlyCount "85"]
[EventDate "2000.??.??"]


1. d4 d5 2. c4 e6 3. c5 Nf6 4. Bg5 Be7 5. Nc3 O-O 6. Nf3 a5 7. e3 b6 8. cxb6
cxb6 9. Bd3 Ba6 10. O-O Bxd3 11. Qxd3 Nbd7 12. Rac1 h6 13. Bh4 Rc8 14. Bg3 Nh5
15. Be5 Nhf6 16. Nb5 Ne4 17. Na7 Ra8 18. Nc6 Qe8 19. Qb5 Nd6 20. Bxd6 Bxd6 21.
Nd2 f5 22. f4 Rc8 23. b4 axb4 24. Nxb4 Bxb4 25. Qxb4 Ra8 26. a4 Qd8 27. Qd6 Re8
28. Ra1 Nf6 29. Qxd8 Rexd8 30. Rfb1 Rdb8 31. Nf3 Ne4 32. Rb3 Kf8 33. Ne5 Ke8
34. Rb4 Nc3 35. Kf1 b5 36. a5 Ra6 37. Ra3 Ne4 38. Rb2 b4 39. Ra4 b3 40. Ra3 Rb5
41. Raxb3 Rxb3 42. Rxb3 Ra8 43. Ra3 0-1

[Event "Aktiv-Alliancen 2000"]
[Site "Taastrup"]
[Date "2000.02.12"]
[Round "9"]
[White "Holst, Thorsten"]
[Black "Radovic, Slobodan"]
[Result "1/2-1/2"]
[WhiteElo "1411"]
[BlackElo "1483"]
[PlyCount "93"]
[EventDate "2000.??.??"]


1. e4 d6 2. d4 g6 3. Nc3 Bg7 4. Be2 Nf6 5. Be3 O-O 6. Qd2 e5 7. d5 a5 8. f3 Ne8
9. O-O-O f5 10. exf5 gxf5 11. Bh6 f4 12. Bxg7 Kxg7 13. g4 Qh4 14. Bd3 a4 15. a3
Kh8 16. Qg2 Nd7 17. Ne4 Nef6 18. Nc3 Nb6 19. Bf5 Ra5 20. Qf1 Nfxd5 21. Nxd5
Nxd5 22. Be4 Ne3 23. Qe1 Qxe1 24. Rxe1 c6 25. h4 d5 26. Bd3 c5 27. c3 b5 28.
Nh3 c4 29. Bc2 Ra6 30. g5 Nxc2 31. Kxc2 Bxh3 32. Rxh3 Re6 33. h5 h6 34. gxh6
Rg8 35. Re2 Kh7 36. Rh4 Rf8 37. Rg4 Rf5 38. Rg7+ Kxh6 39. Reg2 Rxh5 40. Rg8 Kh7
41. R8g7+ Kh6 42. Rg8 Re7 43. Rh8+ Rh7 44. Rhg8 Rh3 45. R8g6+ Kh5 46. R6g5+ Kh6
47. Rg6+ 1/2-1/2

[Event "Aktiv-Alliancen 2000"]
[Site "Taastrup"]
[Date "2000.02.12"]
[Round "9"]
[White "Hau, Helge"]
[Black "Pedersen, Andre"]
[Result "1-0"]
[WhiteElo "1463"]
[BlackElo "1150"]
[PlyCount "45"]
[EventDate "2000.??.??"]


1. f4 Nf6 2. Nf3 e6 3. b3 c5 4. e3 Be7 5. Bb2 O-O 6. c4 b6 7. g3 Bb7 8. Bg2 d6
9. Qe2 Nbd7 10. d3 Rb8 11. O-O Ng4 12. h3 Bf6 13. hxg4 Bxb2 14. Qxb2 Nf6 15.
Nh2 d5 16. cxd5 Nxd5 17. Qd2 Qf6 18. Na3 Rfd8 19. g5 Qe7 20. Nc4 Nb4 21. Bxb7
Rxb7 22. Ne5 Nxd3 23. Nc6 1-0

[Event "Aktiv-Alliancen 2000"]
[Site "Taastrup"]
[Date "2000.02.12"]
[Round "9"]
[White "Jorgensen, Morten"]
[Black "Jensen, Alexander Lindberg"]
[Result "1-0"]
[WhiteElo "1117"]
[BlackElo "1257"]
[PlyCount "71"]
[EventDate "2000.??.??"]


1. e4 e5 2. Nf3 Nc6 3. Bb5 d6 4. h3 g6 5. d4 Bd7 6. O-O Bg7 7. dxe5 Nxe5 8. Be2
Nc6 9. c3 Nge7 10. Re1 O-O 11. Nbd2 a6 12. Nf1 Be6 13. Ng5 Qd7 14. Nxe6 Qxe6
15. Bg4 Qf6 16. Qc2 Ne5 17. Be2 Qe6 18. Ng3 f5 19. exf5 Nxf5 20. Nxf5 Qxf5 21.
Qxf5 Rxf5 22. f4 Nc6 23. Bg4 Rf7 24. Be6 Kf8 25. Bxf7 Kxf7 26. Bd2 Na5 27. Re4
d5 28. Re2 c5 29. Rae1 Nc6 30. g4 Bf6 31. f5 g5 32. Kg2 Rb8 33. Rh1 Kg7 34. Be1
Ne5 35. Bg3 Re8 36. Rhe1 1-0

[Event "Aktiv-Alliancen 2000"]
[Site "Taastrup"]
[Date "2000.02.12"]
[Round "9"]
[White "Jacobsen, Jesper Howalt"]
[Black "Traerup, Jorgen"]
[Result "1-0"]
[WhiteElo "1000"]
[BlackElo "1189"]
[PlyCount "125"]
[EventDate "2000.??.??"]


1. d4 Nf6 2. Bf4 e6 3. Nf3 d5 4. h3 h6 5. Nbd2 Bd6 6. Be5 O-O 7. e3 Bxe5 8.
Nxe5 Nbd7 9. Nxd7 Bxd7 10. f4 a6 11. Bd3 Bb5 12. Qe2 Bxd3 13. Qxd3 c6 14. g4
Nh7 15. O-O-O g6 16. h4 Kh8 17. Nf3 Rg8 18. Ne5 Rg7 19. Rdg1 f6 20. Nxg6+ Kg8
21. h5 b5 22. g5 fxg5 23. fxg5 Nxg5 24. Rf1 Qc7 25. Rh4 Qg3 26. Rhf4 Nh7 27.
Qe2 Qg5 28. Qf3 Qd8 29. Rf7 Ra7 30. Rxg7+ Rxg7 31. Qf4 Qe8 32. Qxh6 Rf7 33.
Rxf7 Qxf7 34. Qf4 Nf6 35. Ne5 Qg7 36. Qh4 Qg1+ 37. Kd2 Ne4+ 38. Ke2 Qg2+ 39.
Ke1 Qg1+ 40. Ke2 Qg2+ 41. Ke1 Qd2+ 42. Kf1 Qc1+ 43. Kg2 Qxc2+ 44. Kf3 Qf2+ 45.
Qxf2 Nxf2 46. Kxf2 Kh7 47. Kg3 Kg7 48. Nxc6 Kf6 49. Kh4 a5 50. Ne5 a4 51. a3
Kf5 52. h6 Ke4 53. Ng4 Kd3 54. h7 Kc2 55. h8=Q Kxb2 56. Qb8 Kxa3 57. Qxb5 e5
58. dxe5 d4 59. exd4 Ka2 60. d5 a3 61. e6 Ka1 62. Qa5 a2 63. Qxa2+ 1-0